|
|
|
|
| LEADER |
01705nam a2200337 a 4500 |
| 001 |
14083221 |
| 008 |
120124s2004 bg b 101 0 eng |
| 010 |
|
|
|a 2005318159
|
| 020 |
|
|
|a 9840517252
|
| 040 |
|
|
|a DLC
|c DLC
|d DLC
|d BD-DhAAL
|
| 042 |
|
|
|a lcode
|
| 043 |
|
|
|a a-bg---
|
| 050 |
0 |
0 |
|a HQ1236.5.B33
|b W64 2004
|
| 082 |
0 |
0 |
|a 305.4095492
|2 22
|
| 245 |
0 |
0 |
|a Women, Bangladesh and international security :
|b methods, discourses, and policies /
|c edited by Imtiaz Ahmed.
|
| 260 |
|
|
|a Dhaka :
|b The University Press,
|c 2004.
|
| 300 |
|
|
|a xxiv, 145 p. ;
|c 22 cm.
|
| 520 |
|
|
|a Papers presented at a training workshop of Forum on Women in Security and international Affairs held at Dhaka in 2001; sponsored by Bangladesh Freedom Foundation.
|
| 504 |
|
|
|a Includes bibliographical references and index.
|
| 541 |
|
|
|e 00024338
|
| 650 |
|
0 |
|a Women's rights
|z Bangladesh.
|
| 650 |
|
0 |
|a Women and peace
|z Bangladesh.
|
| 650 |
|
0 |
|a Women
|z Bangladesh
|x Social conditions.
|
| 700 |
1 |
|
|a Ahmed, Imtiaz,
|d 1958-
|
| 710 |
2 |
|
|a Forum on Women in Security and International affairs (Bangladesh)
|
| 710 |
2 |
|
|a Bangladesh Freedom Foundation.
|
| 852 |
1 |
|
|a James P Grant School of Public Health
|c General Shelf.
|
| 999 |
|
|
|c 11816
|d 11816
|
| 952 |
|
|
|0 0
|1 0
|2 ddc
|4 0
|6 305_409549200000000_WOM
|7 0
|9 19265
|a JPGSPH
|b JPGSPH
|c GEN
|d 2012-01-19
|e MPH
|g 290.00
|l 0
|o 305.4095492 WOM
|p 3060024338
|r 2012-01-24
|t 1
|w 2012-01-24
|y BK
|
| 952 |
|
|
|0 0
|1 0
|2 ddc
|4 0
|6 305_409549200000000_WOM
|7 0
|9 43520
|a SCL
|b SCL
|c GEN
|d 2014-08-30
|g 226.00
|l 0
|o 305.4095492 WOM
|p 3020006976
|r 2014-08-30
|t 2
|w 2014-08-30
|y BK
|
| 952 |
|
|
|0 0
|1 0
|2 ddc
|4 0
|6 305_409549200000000_WOM
|7 0
|9 43625
|a SCL
|b SCL
|c GEN
|d 2014-08-30
|g 226.00
|l 0
|o 305.4095492 WOM
|p 3020006975
|r 2014-09-01
|t 3
|w 2014-09-01
|y BK
|